banner-ar

حدود الجزيرة العربية : (Record no. 66249)

MARC details
000 -الفاتح
حقل البيانات ثابتة الطول 01324nam a22002777a 4500
005 - وقت وتاريخ اخر تعامل مع التسجيلة
رقم الضبط 20240530110908.0
008 - عناصر البيانات ثابتة الطول - معلومات عامة
حقل البيانات ثابتة الطول 220303s2009 ua b g 000 0 ara d
017 ## - رقم الايداع القانونى
رقم الايداع القانونى 2008/19498
المصدر ( الهيئة المختصة) مصر. دار الكتب
020 ## - الرقم الدولى المعيارى للكتب
الرقم الدولى المعيارى للكتاب 9772087650
040 ## - مصدر الفهرسة
وكالة الفهرسة الأصلية EG-CaGPL
وكالة النسخ EG-CaGPL
082 04 - رقم تصنيف ديوى العشرى
رقم الطبعة 21
رقم التصنيف 320.12/
رقم المادة و ح
100 1# - المدخل الرئيسى - إسم شخصى
الإسم الشخصى ولينكسون، جون .س.
245 10 - بيان العنوان
العنوان حدود الجزيرة العربية :
بقية العنوان قصة الدور البريطانى فى رسم الحدود عبر الصحراء /
بيان المسئوليه,etc تاليف جون .س. ولينكسون ؛ ترجمة مجدى عبد الكريم
260 ## - PUBLICATION, DISTRIBUTION, ETC. (IMPRINT)
تاريخ النشر أو التوزيع 2009.
300 ## - الوصف المادى
التعداد 331 ص. :
تفاصيل ماديه اخرى للوعاء خرائط ؛
أبعاد الوعاء 24 سم.
650 07 - المدخل الاضافى بالموضوع-مصطلح موضوعى
مصدر الرأس أو المصطلح qrmak
مصطلح موضوعي الاحوال السياسية
650 07 - المدخل الاضافى بالموضوع-مصطلح موضوعى
مصدر الرأس أو المصطلح qrmak
مصطلح موضوعي الجغرافيا السياسية
650 07 - المدخل الاضافى بالموضوع-مصطلح موضوعى
مصدر الرأس أو المصطلح qrmak
مصطلح موضوعي الممارسة السياسية
651 07 - المدخل الاضافى بالموضوع - اسم جغرافى
مصدر الرأس أو المصطلح qrmak
الاسم الجغرافي شبه الجزيرة العربية
651 07 - المدخل الاضافى بالموضوع - اسم جغرافى
مصدر الرأس أو المصطلح qrmak
الاسم الجغرافي شبه الجزيرة العربية
التقسيم الفرعي العام الحدود السياسية
651 07 - المدخل الاضافى بالموضوع - اسم جغرافى
مصدر الرأس أو المصطلح qrmak
الاسم الجغرافي شبه الجزيرة العربية
التقسيم الفرعي العام الحدود الدولية
653 0# - مصطلح تكشيفى غير مقيد
مصطلح غير مقيد حدود شبه الجزيرة العربية - الدور البريطلنى
700 0# - المدخل الاضافى - اسم شخصى
الإسم الشخصى مجدى عبد الكريم
الدور مترجم
942 ## - عناصر المدخل الإضافي( كوها)
مصدر التصنيف او مخطط الترفيف Dewey Decimal Classification
Koha [default] item type كتاب
260 ## - PUBLICATION, DISTRIBUTION, ETC. (IMPRINT)
-- القاهرة :
-- مكتبة مدبولى،
Holdings
حالة التراجع حالة الفقد حالة تلف ليس للاعارة المكان المؤقت الموقع الحالى موقع الترفيف تاريخ الاكتساب اجمالي اﻻعارات رقم الطلب الباركود تاريخ اخر مشاهدة تاريخ تفعيل السعر نوع وعاء كوها
        مكتبة القاهرة الكبرى مكتبة القاهرة الكبرى ق الرئيسية_العلوم الاجتماعية_ك عربى 03/03/2022   320.12/ و ح 167529 03/03/2022 03/03/2022 كتاب

Powered By

EGPV